| 000 | 00431nam a2200169Ia 4500 | ||
|---|---|---|---|
| 003 | LK-CoDNM | ||
| 005 | 20240730154826.0 | ||
| 008 | 010623t1959 xxu||||| |||| 00| 1 eng d | ||
| 040 |
_aLK-CoDNM _dLK-CoDNM _eLK-CoDNM |
||
| 041 | _aeng | ||
| 080 |
_a8 _bJJ16 |
||
| 100 | _aOpler,Morvin.K. | ||
| 245 | _aCulture and mental health | ||
| 260 |
_bThe Macmillan Company _aNew York _c1959 |
||
| 300 | _bxxi, 533p ; 24 cm | ||
| 942 | _cBK | ||
| 999 |
_c104890 _d104890 |
||